|
|
|
|
| LEADER |
00850nam a22002051 4500 |
| 001 |
c000360115 |
| 003 |
CARM |
| 005 |
00000000000000.0 |
| 008 |
851113s1960 enk 0 eng d |
| 019 |
1 |
|
|a 4136063
|z 24970428
|z 24858759
|5 LACONCORD2021
|
| 035 |
|
|
|a (OCoLC)1467622
|5 LACONCORD2021
|
| 100 |
1 |
|
|a Castelot, André.
|
| 245 |
1 |
0 |
|a Napoleon's son /
|c by A.Castelot. Trans. from the French by R.Baldick.
|
| 260 |
|
|
|a Lond. :
|b H.Hamilton,
|c 1960.
|
| 500 |
|
|
|a Translation of L'aiglon, Napoleon deux.
|
| 600 |
1 |
0 |
|a Bonaparte, Francois Charles Joseph,
|c Herzog von Reichstadt, called Napoleon$BII.
|
| 852 |
8 |
|
|b CARM
|h A1:AN18F0
|i B08712
|p 0415403
|f BK
|
| 082 |
0 |
4 |
|a 944.05
|
| 999 |
f |
f |
|i b25520de-ea72-5334-b5d4-24aaad481813
|s 52be4f0a-f4d0-5147-a8ac-7c2c8a6c9871
|
| 952 |
f |
f |
|p Can circulate
|a CAVAL
|b CAVAL
|c CAVAL
|d CARM 1 Store
|e B08712
|f A1:AN18F0
|h Other scheme
|i book
|m 0415403
|